000 00327nam a22001457a 4500
008 210305b ||||| |||| 00| 0 eng d
020 _a9780321694331
041 _aeng
080 _210th
_a51
082 _a51
100 _a36
101 _aMAT
245 _aCalculus and its Applications
_cBittinger, M.L
942 _2udc
_cBK
999 _c55798
_d55798